000 01059nam a22002777i 4500
003 URS
005 20260323090653.0
008 180906b xxu||||| |||| 00| 0 eng d
020 _a9789717251274
050 1 0 _aBF 121
_bG259 2005
245 0 0 _aGeneral psychology :
_bhuman behavior in perspective /
_cLeslie B. Gazzingan ... [and others]
264 1 _aMakati City :
_bGrandwater Publications and Research Corporation,
_c[date of publication not identified]
264 4 _c©2005
300 _a155 pages ;
_c25 cm
336 _2rdacontent
_atext
337 _2rdamedia
_aunmediated
338 _2rdacarrier
_avolume
504 _aIncludes bibliographical references
524 _aGazzingan and others (2005). General psychology : human behavior in perspective. Makati City: Grandwater Publications and Research Corporation.
650 0 _aPsychology.
_vTextbooks.
700 1 _aGazzingan, Leslie B.
_eauthor
700 1 _aAglubat, Linofe R.
_eauthor
700 1 _aGuerrero, Manuel R.
_eauthor
700 1 _aTomas, Rodrigo D. P.
_eauthor
942 _cF
_2lcc
999 _c99164
_d99161